| 000 | 00426cam a22001337a 4500 | ||
|---|---|---|---|
| 008 | 180718b1965 xxu||||| |||| 00| 0 eng d | ||
| 082 | _aB135x5452 B465 | ||
| 100 | _aBeteille, Andre | ||
| 245 |
_aCaste, class, and power: changing patterns of strarification in a Tanjore village _cby Andre Beteille |
||
| 260 |
_aBombay _bOUP _c1965 |
||
| 300 | _a238p. | ||
| 500 | _aRs.18.00 | ||
| 650 | _aCommunity Life, rural - India - Madras. | ||
| 999 |
_c360264 _d360264 |
||